Genetics : (Record no. 1430548)

MARC details
000 -LEADER
fixed length control field 00497nam a2200193Ia 4500
005 - DATE AND TIME OF LATEST TRANSACTION
control field 20250704145327.0
008 - FIXED-LENGTH DATA ELEMENTS--GENERAL INFORMATION
fixed length control field 008 250516s9999 xx 000 0 eng d
020 ## - INTERNATIONAL STANDARD BOOK NUMBER
International Standard Book Number 9781319546700
040 ## - CATALOGING SOURCE
Language of cataloging eng
Transcribing agency SDCL
041 ## - LANGUAGE CODE
Language code of text/sound track or separate title eng
Source of code eng
084 ## - COLON CLASSIFICATION NUMBER
Classification number G:6 R4
100 ## - MAIN ENTRY--PERSONAL NAME
Personal name Pierce, Benjamin A.
245 #0 - TITLE STATEMENT
Title Genetics :
Remainder of title A conceptual approach
250 ## - EDITION STATEMENT
Edition statement 7th ed.
260 ## - PUBLICATION, DISTRIBUTION, ETC.
Place of publication, distribution, etc. New York :
Name of publisher, distributor, etc. Macmillan Learning,
Date of publication, distribution, etc. 2024.
300 ## - PHYSICAL DESCRIPTION
Extent xxv, 823p.+V.P.
650 ## - SUBJECT ADDED ENTRY--TOPICAL TERM
Topical term or geographic name entry element Genetics
942 ## - ADDED ENTRY ELEMENTS (KOHA)
Koha item type Textual
Source of classification or shelving scheme Colon Classification (CC)
999 ## -
-- 1430548
-- 1430548
Holdings
Withdrawn status Lost status Source of classification or shelving scheme Damaged status Not for loan Home library Current library Date acquired Source of acquisition Inventory number Total checkouts Full call number Barcode Date last seen Price effective from Koha item type
    Colon Classification (CC)     South Campus Library South Campus Library 2025-05-22 N.R.Book Distributors 8, 19/11/2024   G:6 R4 SC1690535 2025-05-22 2025-05-22 Textual
    Colon Classification (CC)     South Campus Library South Campus Library 2025-05-22 N.R.Book Distributors 8, 19/11/2024   G:6 R4;1 SC1690536 2025-05-22 2025-05-22 Textual
    Colon Classification (CC)     South Campus Library South Campus Library 2025-05-22 N.R.Book Distributors 8, 19/11/2024   G:6 R4;2 SC1690537 2025-05-22 2025-05-22 Textual
    Colon Classification (CC)     South Campus Library South Campus Library 2025-05-22 N.R.Book Distributors 8, 19/11/2024   G:6 R4;3 SC1690538 2025-05-22 2025-05-22 Textual
    Colon Classification (CC)     South Campus Library South Campus Library 2025-05-22 N.R.Book Distributors 8, 19/11/2024   G:6 R4;4 SC1690539 2025-05-22 2025-05-22 Textual
Copyright @ Delhi University Library System